000 00997nmm a2200301 a 4500
001 ocm0001864561
003 TR-IsHL
005 20201028171629.0
008 180329s2015 tu tur
007 cr cn
020 _a9786051511177
035 _a1864561
_b(N$T)
050 0 4 _aBF432.M67
_bA54 2015
090 0 4 _aBF432.M67
_bA54 2015
100 1 _aArıkan, Münir
245 1 0 _aAile zekası
_h[electronic resource] /
_cMünir Arıkan
250 _aOnaltıncı basım
260 _aİstanbul :
_bHayat Yayıncılık,
_c2015
300 _a313 p.
650 4 _aFelsefe, Psikoloji ve Din
650 4 _aPhilosophy, Psychology and Religion
650 0 _aAile ilişkileri
_x Psikoloji
650 0 _aFamily relationships
_x Psychology
650 0 _aAile içi iletişim
650 0 _aFamily communication
650 7 _aFAMILY & RELATIONSHIPS / Family Relationships
_2bisacsh
856 4 0 _uhttp://search.ebscohost.com/login.aspx?direct=true&scope=site&db=e011xww&AN=1864561
999 _c16797
_d16797